| 000 | 00683cam a22002293a 4500 | ||
|---|---|---|---|
| 001 | 7338 | ||
| 003 | PGUSA | ||
| 005 | 20140828083143.0 | ||
| 008 | 050101s2005||||xxu|||||s|||||000 | eng d | ||
| 040 |
_aPGUSA _beng |
||
| 042 | _adc | ||
| 050 | 4 | _aBV | |
| 100 | 1 |
_aSell, Henry T. _q(Henry Thorne), _d1854-1928 |
|
| 245 | 1 | 0 |
_aStudies in the Life of the Christian : _bHis Faith and His Service _h[electronic resource] / _cHenry T. Sell |
| 260 |
_bProject Gutenberg, _c2005 |
||
| 506 | _aPublic domain in the USA. | ||
| 516 | _aElectronic text | ||
| 653 | _aReligious education | ||
| 830 | 0 |
_aProject Gutenberg _v7338 |
|
| 856 | 4 | 0 | _uhttp://www.gutenberg.org/ebooks/7338 |
| 942 | _cEB | ||
| 999 |
_c236658 _d236658 |
||